000 00692nam a2200289Ia 4500
005 20260324122832.0
008 008 260324s9999 xx 000 0 eng d
020 _a9780203846155
037 _aEBOOK
040 _aCRL
040 _beng
040 _cCRL
041 _2eng
041 _aeng
084 _qCRL
100 _aMary Jo Peebles
_91167998
245 0 _aBeginnings, Second Edition
245 4 _bThe Art and Science of Planning Psychotherapy
260 _bTaylor and Francis
260 _c2012
365 _a
365 _b280
856 _uhttp://www.taylorfrancis.com/books/9780203846155
942 _cEBOOK
999 _c1761033
_d1761033